| 000 | 00628nam a2200217 a 4500 | ||
|---|---|---|---|
| 001 | 70339 | ||
| 003 | BD-RjUL | ||
| 005 | 20211209082004.0 | ||
| 008 | 170417s1967 iluab b 001 0 eng | ||
| 035 | _a(BD-RjUL)70553 | ||
| 040 |
_aDLC _cDLC _dDLC _dBD-RjUL _beng |
||
| 041 | _aeng | ||
| 082 | 0 | 0 |
_a915 _bCOM 1967 _223 |
| 100 | 1 |
_aCornish, Walter Bernard _9208284 |
|
| 245 | 1 | 4 |
_aMonsoon lands / _cWalter Bernard Cornish |
| 260 |
_aLondon : _bUniversity tutorial press ltd., _cc1967 |
||
| 300 |
_a235 p. : _bill. ; _c22 cm. |
||
| 504 | _aBibliography: p. 245-247 and index. | ||
| 651 | 0 |
_aAsia _xGeography. _970940 |
|
| 942 |
_2ddc _cBK |
||
| 999 |
_c70339 _d70339 |
||